О зональности берешитов Батанаюльского массива щелочных пород; Известия Томского политехнического института [Известия ТПИ]; Т. 196 : Геология, химия

Bibliographische Detailangaben
Parent link:Известия Томского политехнического института [Известия ТПИ]/ Томский политехнический институт (ТПИ).— , 1944-1976
Т. 196 : Геология, химия.— 1969.— [С. 32-34]
1. Verfasser: Митякин А. А.
Zusammenfassung:Заглавие с титульного листа
Электронная версия печатной публикации
Sprache:Russisch
Veröffentlicht: 1969
Schlagworte:
Online-Zugang:Черно-белая версия для предварительного просмотра
Цветная версия без потери качества
Format: Elektronisch Buchkapitel
KOHA link:https://koha.lib.tpu.ru/cgi-bin/koha/opac-detail.pl?biblionumber=221876

MARC

LEADER 00000nla2a2200000 4500
001 221876
005 20231031195831.0
035 |a (RuTPU)RU\TPU\book\242057 
035 |a RU\TPU\book\242056 
090 |a 221876 
100 |a 20120915d1969 k y0rusy50 ca 
101 0 |a rus 
102 |a RU 
135 |a drnn ---uucaa 
181 0 |a i  
182 0 |a b 
200 1 |a О зональности берешитов Батанаюльского массива щелочных пород  |b Электронный ресурс  |f А. А. Митякин 
203 |a Текст  |c электронный 
215 |a 2 файла (202 Кб, 5.2 Мб) 
230 |a Электронные текстовые данные (2 файла : 202 Кб, 5.2 Мб) 
300 |a Заглавие с титульного листа 
300 |a Электронная версия печатной публикации 
337 |a Adobe Reader 
461 1 |0 (RuTPU)RU\TPU\book\200995  |t Известия Томского политехнического института [Известия ТПИ]  |f Томский политехнический институт (ТПИ)  |d 1944-1976 
463 1 |0 (RuTPU)RU\TPU\book\242048  |t Т. 196 : Геология, химия  |v [С. 32-34]  |d 1969  |p 196 с. 
610 1 |a электронный ресурс 
610 1 |a труды учёных ТПУ 
700 1 |a Митякин  |b А. А. 
801 1 |a RU  |b 63413507  |c 20090320  |g PSBO 
801 2 |a RU  |b 63413507  |c 20121107  |g PSBO 
856 4 |u http://www.lib.tpu.ru/fulltext/v/Bulletin_TPU/1969/v196/07_bw.pdf  |z Черно-белая версия для предварительного просмотра 
856 4 |u http://www.lib.tpu.ru/fulltext/v/Bulletin_TPU/1969/v196/07_full.pdf  |z Цветная версия без потери качества 
942 |c CF